Blue Lock - Personnages des covers - Statistiques

Statistiques générales
  • Ce quiz a été pris 239 fois
  • Le résultat moyen est 13 sur 26
Statistiques - réponses
Tome Réponse % Correct
1 Yoichi Isagi
96%
2 Meguru Bachira
87%
3 Hyoma Chigiri
74%
4 Rensuke Kunigami
74%
6 Rin Itoshi
70%
5 Seishiro Nagi
69%
8 Reo Mikage
67%
17 Sae Itoshi
63%
7 Shoei Baro
57%
11 Jinpachi Ego
51%
12 Ryusei Shidou
50%
19 Michael Kaiser
47%
16 Oliver Aiku
47%
22 Gin Gagamaru
44%
13 Tabito Karasu
43%
14 Eita Otoya
40%
25 Ikki Niko
40%
24 Yo Hiori
40%
20 Alexis Ness
39%
23 Jingo Raichi
36%
15 Kenyu Yukimiya
36%
9 Jyubei Aryu
35%
21 Ranze Kurona
35%
26 Don Lorenzo
33%
10 Aoshi Tokimitsu
32%
18 Anri Teieri
26%
Aucun quiz correspondant
Distribution des résultats
% des personnes avec chaque résultat
Percentile par nombre de réponses
Votre historique - résultats
Vous n’avez pas pris ce quiz